000
00270nam a2200109Ia 4500
008
190907s9999||||xx |||||||||||||| ||und||
100
_a
Christopher, Gila Falkus
245
0
_a
Life Behind The Great Wall
260
_a
USA
_b
McGraw Hill
_c
1996
300
_a
356
942
_c
BK
999
_c
6419
_d
6419